000
00267nam a2200109Ia 4500
008
190216s9999||||xx |||||||||||||| ||und||
100
_a
Null
245
0
_a
"Foreign Exchange Regulation Act, 1973"
260
_b
Central Law Agenccy
_c
1986
300
_a
102p
942
_c
BK
999
_c
11542
_d
11542